000 01039nam a2200277Ia 4500
003 OSt
005 20220923211557.0
006 a|||||r|||| 00| 0
007 ta
008 220922b |||||||| |||| 00| 0 hin d
020 _a9789386081070 (hbk)
_c1100
024 _a348,215
037 _b266/1, 18/01/2019, Vidyanidhi Prakashan
_cTextual
040 _aARTS
_cARTS
_bhin
041 _2hin
_ahin
082 _aR65,6:g, 152Q8
100 _aनिगम, शील, ले.
245 0 _aश्रीमद्भागवत का शैली वैज्ञानिक अनुशीलन
246 _aShrīmadbhāgavat kā shailī vaijnyānik anushīlana
260 _aदिल्ली
_b आस्था प्रकाशन
_c2018
300 _a383पृ.
_ccm.
650 _a भगवत् गीता
650 _aभारतीय दर्शन
942 _hR65,6:g, 152Q8
_cTEXL
_2CC
999 _c300957
_d300957